| 000 | 00531nam a2200181 4500 | ||
|---|---|---|---|
| 001 | 122396 | ||
| 003 | ES-MaACL | ||
| 005 | 20230906191953.0 | ||
| 007 | t| | ||
| 008 | 070214s1976 sp r ||||1| cat d | ||
| 100 | 1 |
_aCelan, Paul. _937342 |
|
| 245 | 1 | 0 |
_aTraduccions de Paul Celan / _cPaul Celan ; traducción de Antoni Pous. |
| 250 | _aedición bilingüe, alemán-catalán. | ||
| 260 |
_aBarcelona : _bLumen, _c1976. |
||
| 300 |
_a117 p. ; _c18 cm. |
||
| 700 | 1 |
_aPous, Antoni. _993467 |
|
| 852 |
_aES-MaACL _jE-10130 _bR.94594 |
||
| 999 |
_c122396 _d122396 |
||